LEADER 01661cam0-22006131i-450- 001 990003784810403321 005 20160510113506.0 010 $a88-15-03364-5 035 $a000378481 035 $aFED01000378481 035 $a(Aleph)000378481FED01 035 $a000378481 100 $a20030910d1992----km-y0itay50------ba 101 0 $aita 102 $aIT 105 $ay-------001yy 200 1 $a<>parabola del sindacato$eascesa e declino di una cultura$fAris Accornero 210 $aBologna$cIl mulino$d1992 215 $a339 p.$d21 cm 225 1 $aContemporanea$v50 610 0 $aSindacati$aItalia 676 $a331.880945 676 $a18630 676 $aG/2.43 676 $a331.8 700 1$aAccornero,$bAris$f<1931- >$0116021 801 0$aIT$bUNINA$gRICA$2UNIMARC 901 $aBK 912 $a990003784810403321 952 $aDPR 28-795$b18195$fDEC 952 $a331.880945 ACC 1$b3748$fBFS 952 $a331.880945 ACC 1bis$b3532$fBFS 952 $a18630 ACC$b11015$fSES 952 $aCOLLEZ. 858 (50)$b19134$fFSPBC 952 $aXIV G 278$b25677$fFSPBC 952 $a3-7-52-TI$b4310 DEA$fECA 952 $aXV R 684$b336$fDTE 952 $aB-VIII-57$b2497 dip.$fDDRC 952 $aB-VIII-58;69$b2497, 8042 dip.$fDDRC 952 $aSE 102.01.12-$b3173$fDECSE 952 $a967$fBFS 952 $aB-VIII-69$b8042$fDDRC 952 $aXXVIII 913$b3051$fDDCIC 959 $aDEC 959 $aBFS 959 $aSES 959 $aFSPBC 959 $aECA 959 $aDTE 959 $aDDRC 959 $aDECSE 959 $aDDCIC 996 $aParabola del sindacato$9510122 997 $aUNINA LEADER 01180nam a2200301 i 4500 001 991001863599707536 005 20020507152913.0 008 000118s1992 it ||| | ita 020 $a8814035806 035 $ab11575098-39ule_inst 035 $aLE02726468$9ExL 040 $aDip.to Studi Giuridici$bita 082 0 $a344.45 084 $aAM-XII/B 100 1 $aCapria, Antonella$010328 245 10$aDirettive ambientali CEE e stato di attuazione in Italia :$bacqua, aria, rifiuti /$cdi Antonella Capria 250 $a2. ed. 260 $aMilano :$bA. Giuffrè,$cc1992 300 $ali, 215 p. ;$c23 cm. 490 0 $aQuaderni della rivista giuridica dell'ambiente ;$v1 650 4$aAmbiente$xLegislazione 907 $a.b11575098$b01-03-17$c02-07-02 912 $a991001863599707536 945 $aLE027 AM-XII/A 5$g1$i2027000196975$lle027$o-$pE0.00$q-$rl$s- $t0$u6$v5$w6$x0$y.i11780873$z02-07-02 945 $aLE027 AM-XII/B 5$g2$iLE027I-2171$lle027$o-$pE0.00$q-$rl$s- $t0$u0$v0$w0$x0$y.i11780885$z02-07-02 996 $aDirettive ambientali CEE e stato di attuazione in Italia$9576837 997 $aUNISALENTO 998 $ale027$b01-01-00$cm$da $e-$fita$git $h0$i2